书目信息 |
| 题名: |
波提切利
|
|
| 作者: | 刘丛星 编辑 | |
| 分册: | ||
| 出版信息: | 长春 吉林美术出版社 2001.03 |
|
| 页数: | 33页 | |
| 开本: | 26cm | |
| 丛书名: | 西洋美术家画廊 | |
| 单 册: | ||
| 中图分类: | J203 , J205.546 | |
| 科图分类: | ||
| 主题词: | 绘画理论 | |
| 电子资源: | ||
| ISBN: | 7-5386-1158-4 | |
| 000 | 00664nam0 2200241 450 | |
| 001 | 0771225555 | |
| 005 | 20071226195026.15 | |
| 010 | @a7-5386-1158-4@dCNY15.00 | |
| 100 | @a20071226d2001 km y0chiy0120 ea | |
| 101 | 0 | @achi |
| 102 | @aCN@b220000 | |
| 200 | 1 | @a波提切利@Abo ti qie li@f刘丛星等编辑@Fliu cong xing deng bian ji |
| 210 | @a长春@c吉林美术出版社@d2001.03 | |
| 215 | @a33页@d26cm | |
| 225 | 2 | @a西洋美术家画廊 |
| 410 | 0 | @12001 @a西洋美术家画廊 |
| 606 | 0 | @a绘画理论 |
| 690 | @aJ203@v3 | |
| 690 | @aJ205.546@v4 | |
| 701 | 0 | @a刘丛星@Aliu cong xing@4编辑 |
| 801 | 0 | @aCN@bNISOFT@c20071226 |
| 905 | @aBZT@dJ205.546@e3 | |
| 906 | @dCNY15.00@n0@r1 | |
| 波提切利/刘丛星等编辑.-长春:吉林美术出版社,2001.03 |
| 33页;26cm.-(西洋美术家画廊) |
| ISBN 7-5386-1158-4:CNY15.00 |
| ● |
| 相关链接 |
|
|
|
正题名:波提切利
索取号:J205.546/3
 
预约/预借
| 序号 | 登录号 | 条形码 | 馆藏地/架位号 | 状态 | 备注 |
| 1 | 639115 | 2000639115 | 中心书库中库/ 中库016架A面7列7层80/ [索取号:J205.546/3] | 在馆 | |
| 2 | 639116 | 2000639116 | 中心书库中库/ 中库016架A面7列7层78/ [索取号:J205.546/3] | 在馆 | |
| 3 | 639117 | 2000639117 | 中心书库中库/ 中库016架A面7列7层82/ [索取号:J205.546/3] | 在馆 | |
| 4 | 639118 | 2000639118 | 中心书库中库/ 中库016架A面7列7层84/ [索取号:J205.546/3] | 在馆 | |
| 5 | 639119 | 2000639119 | 中心书库中库/ 中库016架A面7列7层13/ [索取号:J205.546/3] | 在馆 | |
| 6 | 639120 | 2000639120 | 中心书库中库/ 中库016架A面7列7层88/ [索取号:J205.546/3] | 在馆 | |
| 7 | 639121 | 2000639121 | 中心书库中库/ 中库016架A面7列7层86/ [索取号:J205.546/3] | 在馆 | |
| 8 | 639122 | 2000639122 | 中心书库中库/ 中库016架A面7列7层89/ [索取号:J205.546/3] | 在馆 | |
| 9 | 639123 | 2000639123 | 中心书库中库/ 中库016架A面7列7层29/ [索取号:J205.546/3] | 在馆 | |
| 10 | 639124 | 2000639124 | 中心书库中库/ 中库016架A面7列7层79/ [索取号:J205.546/3] | 在馆 |